Przetłumacz z polskiego na niemiecki sezon 1 część 3 - klikanie - Statystyki

Ogólne statystyki
  • Ten quiz został rozwiązany 15 razy
    14 od ostatniego zresetowania
  • Średni wynik to 18 z 23
Statystyki odpowiedzi
Hint Odpowiedź % Poprawnych
Kino das Kino
100%
Sport der Sport
100%
Adres die Adresse
100%
Hobby das Hobby
90%
Gry komputerowe die Computerspiele
90%
Social media die soziale Medien
90%
Ulica die Straße
90%
Numer telefonu die Telefonnummer
90%
Pierwsze informacje Erste Informationen
90%
Wiek das Alter
80%
Książki die Bücher
80%
Adres mailowy die E-Mail-Adresse
80%
Muzyka die Musik
80%
Nazwisko der Nachname
70%
Kropka der Punkt
70%
Podkreślnik der Unterstrich
70%
Moda die Mode
70%
Imprezy die Partys
70%
Podróżowanie die Reisen
70%
Małpa das Ät
60%
Łącznik der Bindestrich
60%
Imię der Vorname
60%
Upodobanie die Vorliebe
60%
Nie znaleziono quizów pasujących do podanych kryteriów
Rozkład punktacji
Procent ludzi z każdym wynikiem
Percentyl według liczby udzielonych odpowiedzi
Twoja historia wyników
Nie rozwiązałeś tego quizu od ostatniego zresetowania